00807 2200145 4500245005200000250001100052100001100063650002200074005001900096260002500115041001400140300002000154500047800174336000900652 aAntalogi cerpenb : Lentera katacBilqishText aCet. 1 aBilqis aPengembangan Diri a20250131095154 aJakartabUWAISc2024 aIndonesia a80 hlm :c21 cm a"Hari itu,Latif bukan hanya menjadi relawan ambulans untuk mereka yang terluka atau sakit,tetapi juga menjadi relawan hati bagi sahabatnya yang sedang berduka.Ia tahu,tidak ada yang lebih penting dari membantu sesama,terutama di saat-saat yang paling membutukan.setelah semuanya selesai,Latif tidak berkata banyak.Ia tahu,terkadang tidak perlu kata-kata untuk menunjukkan bahwa seorang bener-bener peduli.cukup dengan hadir,memberi dukungan,dan berbagi rasa,sudah cukup,: atext